[Event "Nordisk Mesterskab Ungdom U11 2026"]
[Site "Fredericia"]
[Date "2026.02.13"]
[Round "1.1"]
[White "Mortensen, Michael"]
[Black "Sverrisson, Dagur"]
[Result "1-0"]
[WhiteElo "2158"]
[BlackElo "1576"]
[WhiteFideId "1580515"]
[BlackFideId "2326175"]
[EventDate "2026.02.13"]
[EventType "swiss"]
[EventRounds "6"]
[EventCountry "DEN"]
[SourceTitle "Live v. Fredericia Chess Club"]

1. d4 d5 2. c4 dxc4 3. Nf3 Nf6 4. e3 e6 5. Bxc4 c5 6. Nc3 Nc6 7. O-O cxd4 8. exd4 Be7 9. a3 b6 10. Bb5 Bb7 11. Qa4 Qc7 12. Ne5 Rc8 13. Bf4 a6 14. Bxa6 Ra8 15. Nb5 Qc8 16. Bxb7 Qxb7 17. Nc7+ Qxc7 18. Qxa8+ Nd8 19. Qa4+ Nd7 20. Ng6 Bd6 21. Bxd6 Qxd6 22. Nxh8 Qf8 23. d5 exd5 24. Rfe1+ Ne6 25. Rad1 Qd6 26. Qa8+ Ke7 27. Qxd5 Qxd5 28. Rxd5 Nf6 29. Rde5 Kf8 30. Nxf7 Kxf7 31. Rxe6 1-0

[Event "Nordisk Mesterskab Ungdom U11 2026"]
[Site "Fredericia"]
[Date "2026.02.13"]
[Round "1.2"]
[White "Lark, David"]
[Black "Elnegaard , Tristan Lund"]
[Result "0-1"]
[WhiteElo "1563"]
[BlackElo "1964"]
[WhiteFideId "1790013"]
[BlackFideId "1480707"]
[EventDate "2026.02.13"]
[EventType "swiss"]
[EventRounds "6"]
[EventCountry "DEN"]
[SourceTitle "Live v. Fredericia Chess Club"]

1. e4 e6 2. d4 d5 3. Nc3 Nf6 4. e5 Nfd7 5. f4 c5 6. Nf3 Nc6 7. Be3 a6 8. Qd2 cxd4 9. Nxd4 Bc5 10. O-O-O O-O 11. Qf2 Qc7 12. Nb3 Bxe3+ 13. Qxe3 b5 14. a3 Bb7 15. Bd3 b4 16. Qh3 g6 17. Nb1 a5 18. Qh6 a4 19. Na1 Nc5 20. h4 Nd4 21. h5 Ndb3+ 22. cxb3 Nxb3# 0-1

[Event "Nordisk Mesterskab Ungdom U11 2026"]
[Site "Fredericia"]
[Date "2026.02.13"]
[Round "1.3"]
[White "Bae, Anton"]
[Black "Zaretckii, Roman"]
[Result "1-0"]
[WhiteElo "1736"]
[BlackElo "1562"]
[WhiteFideId "1580230"]
[BlackFideId "519359"]
[EventDate "2026.02.13"]
[EventType "swiss"]
[EventRounds "6"]
[EventCountry "DEN"]
[SourceTitle "Live v. Fredericia Chess Club"]

1. e4 c5 2. Nf3 Nc6 3. Nc3 e5 4. Bc4 Be7 5. Ne2 d6 6. Ng3 Bg4 7. h3 Be6 8. Bb3 b5 9. c3 h6 10. Bc2 Nf6 11. Nh4 O-O 12. Nhf5 a5 13. d3 b4 14. Bd2 c4 15. Qc1 Nh7 16. Ba4 Rc8 17. Bxc6 Rxc6 18. cxb4 c3 19. bxc3 axb4 20. Qb2 bxc3 21. Bxc3 Bg5 22. Bd2 Bf6 23. O-O d5 24. Rac1 Rb6 25. Qc2 dxe4 26. Ba5 exd3 27. Bxb6 Qxb6 28. Qxd3 Rd8 29. Qe3 Qb2 30. Rcd1 Ra8 31. Qf3 Ra3 32. Rb1 Rxf3 33. Rxb2 Rf4 34. Ne3 Ra4 35. Rfb1 g6 36. Ne2 e4 37. Rb4 Rxa2 38. Ng3 Be7 39. Rb7 Bh4 40. Nxe4 f5 41. Rb8+ Nf8 42. Nc5 Bxf2+ 43. Kh1 Bf7 44. Nd7 Bxe3 45. Rxf8+ Kg7 46. Re1 Bf4 47. Kg1 Rd2 48. Re7 Rxd7 49. Rfxf7+ 1-0

[Event "Nordisk Mesterskab Ungdom U11 2026"]
[Site "Fredericia"]
[Date "2026.02.13"]
[Round "1.4"]
[White "Zuikov, Andrei"]
[Black "Ernisson, Petur Ulfar"]
[Result "0-1"]
[WhiteElo "1465"]
[BlackElo "1682"]
[WhiteFideId "525286"]
[BlackFideId "2326116"]
[EventDate "2026.02.13"]
[EventType "swiss"]
[EventRounds "6"]
[EventCountry "DEN"]
[SourceTitle "Live v. Fredericia Chess Club"]

1. e4 c5 2. Nf3 d6 3. d4 cxd4 4. Nxd4 Nf6 5. Nc3 g6 6. Be3 Bg7 7. f3 O-O 8. Qd2 Nc6 9. O-O-O d5 10. Nxc6 bxc6 11. exd5 cxd5 12. Nxd5 Nxd5 13. Qxd5 Qc7 14. b3 Bf5 15. Qc5 Qxc5 16. Bxc5 Rfc8 17. b4 a5 18. Bd3 Bxd3 19. Rxd3 axb4 20. Bxe7 Rxa2 21. Re1 Ra1+ 22. Kd2 Bc3+ 23. Ke2 0-1

[Event "Nordisk Mesterskab Ungdom U11 2026"]
[Site "Fredericia"]
[Date "2026.02.13"]
[Round "1.5"]
[White "Xin, Andrew M"]
[Black "Danielsen, John Berg"]
[Result "1-0"]
[WhiteElo "1680"]
[BlackElo "1400"]
[WhiteFideId "7205309"]
[BlackFideId "7206712"]
[EventDate "2026.02.13"]
[EventType "swiss"]
[EventRounds "6"]
[EventCountry "DEN"]
[SourceTitle "Live v. Fredericia Chess Club"]

1. d4 d5 2. Nf3 Nc6 3. e3 a6 4. Bd3 Bg4 5. Nbd2 e6 6. O-O Bd6 7. h3 Bxf3 8. Nxf3 h6 9. Re1 Nf6 10. c4 O-O 11. a3 Re8 12. cxd5 exd5 13. Bd2 a5 14. Qc2 Qd7 15. Bb5 Ne4 16. Rac1 Nxd2 17. Qxd2 Qf5 18. Bxc6 bxc6 19. Rxc6 Qd7 20. Rec1 Rab8 21. Kh1 Rb6 22. R6c2 Rc8 23. Qxa5 Qb5 24. Qxb5 Rxb5 25. Ne5 c5 26. f4 Bxe5 27. fxe5 c4 28. Re1 f5 29. g4 g6 30. Rf1 Kg7 31. gxf5 Rf8 32. f6+ Kg8 33. e6 Rb7 34. Kg2 Kh7 35. e7 Rh8 36. f7 Rxe7 37. f8=Q Rxf8 38. Rxf8 Rxe3 39. Rcf2 Re7 40. R8f7+ Rxf7 41. Rxf7+ Kg8 42. Rf2 g5 43. a4 Kg7 44. a5 Kg6 45. a6 Kh5 46. a7 g4 47. a8=Q gxh3+ 48. Kg3 h2 49. Qe8+ Kg5 50. Qg8+ Kh5 51. Qg4# 1-0

[Event "Nordisk Mesterskab Ungdom U11 2026"]
[Site "Fredericia"]
[Date "2026.02.13"]
[Round "1.6"]
[White "Fleischer, Sofie Emilie Jilso"]
[Black "Nguyen, Theo Duc Huu"]
[Result "0-1"]
[WhiteElo "1400"]
[BlackElo "1641"]
[WhiteFideId "1487655"]
[BlackFideId "1487477"]
[EventDate "2026.02.13"]
[EventType "swiss"]
[EventRounds "6"]
[EventCountry "DEN"]
[SourceTitle "Live v. Fredericia Chess Club"]

1. e4 e6 2. Nf3 d5 3. d3 dxe4 4. dxe4 Qxd1+ 5. Kxd1 Bc5 6. Bd2 Nf6 7. Nc3 Ng4 8. Be1 Bxf2 9. Kd2 Bxe1+ 10. Rxe1 Nf6 11. Kc1 a6 12. Rd1 Nc6 13. Bc4 Ng4 14. Kb1 Nf2 15. Rhf1 Nxd1 16. Rxd1 Ke7 17. b3 h6 18. Rd2 b5 19. Bd3 Bb7 20. g3 Rhd8 21. h4 Nb4 22. a3 Nxd3 23. a4 b4 24. Na2 Nc5 25. a5 Rxd2 26. Nxb4 Rd1+ 27. Ka2 Nxe4 28. Nd5+ Bxd5 29. c4 Nc3+ 30. Kb2 Bxf3 31. b4 Rad8 32. Kxc3 R8d3+ 33. Kb2 R1d2+ 34. Kc1 Rh2 35. Kb1 Rd1# 0-1

[Event "Nordisk Mesterskab Ungdom U11 2026"]
[Site "Fredericia"]
[Date "2026.02.13"]
[Round "1.7"]
[White "Olivemark, Georg"]
[Black "Le, Alvin Ankaer"]
[Result "1-0"]
[WhiteElo "1599"]
[BlackElo "1527"]
[WhiteFideId "1795058"]
[BlackFideId "1488732"]
[EventDate "2026.02.13"]
[EventType "swiss"]
[EventRounds "6"]
[EventCountry "DEN"]
[SourceTitle "Live v. Fredericia Chess Club"]

1. e4 c6 2. d4 d5 3. exd5 cxd5 4. Nf3 Bg4 5. Bb5+ Nc6 6. h3 Bxf3 7. Qxf3 Nf6 8. c3 e6 9. Bg5 Be7 10. Bxf6 Bxf6 11. O-O O-O 12. Bxc6 bxc6 13. Re1 Qb6 14. b3 c5 15. dxc5 Qxc5 16. Qe3 d4 17. Qc1 dxc3 18. Qc2 Rac8 19. a3 Rfd8 20. Ra2 Qd5 21. Rc1 Qd3 22. Qxd3 Rxd3 23. Rac2 Bd4 24. Kf1 Bf6 25. Ke2 Rdd8 26. Nxc3 Bg5 27. Rd1 Rxd1 28. Kxd1 h6 29. Ne4 Rb8 30. Nxg5 hxg5 31. b4 Kf8 32. Rc7 a6 33. Rc5 f6 34. Ra5 Rb6 35. Kc2 Ke7 36. Kb3 Kd6 37. Kc4 Kc6 38. a4 e5 39. b5+ Kb7 40. Rxa6 Rxa6 41. bxa6+ Kxa6 42. g4 Ka5 43. Kd5 g6 44. Ke6 Kxa4 45. Kxf6 e4 46. Ke5 Kb5 47. Kxe4 Kc6 48. Ke5 Kd7 49. Kf6 Ke8 50. Kxg6 Kf8 51. Kxg5 Kg7 52. f4 Kf7 53. Kh6 Kg8 54. f5 Kf7 55. g5 Kg8 56. f6 Kh8 57. g6 Kg8 58. f7+ Kf8 59. g7+ Kxf7 60. Kh7 Kf6 61. g8=Q Ke5 62. Qf7 Kd4 63. Qf5 Kc4 64. Qd7 Kc5 65. Qd3 Kc6 66. Qd4 Kb5 67. Qc3 Kb6 68. Qc4 Kb7 69. Qc5 Ka6 70. Qb4 Ka7 71. Kg7 Ka6 72. Kf6 Ka7 73. Ke7 Ka8 74. Kd8 Ka7 75. Kc7 Ka8 76. Qb7# 1-0

[Event "Nordisk Mesterskab Ungdom U11 2026"]
[Site "Fredericia"]
[Date "2026.02.13"]
[Round "2.1"]
[White "Ernisson, Petur Ulfar"]
[Black "Mortensen, Michael"]
[Result "0-1"]
[WhiteElo "1682"]
[BlackElo "2158"]
[WhiteFideId "2326116"]
[BlackFideId "1580515"]
[EventDate "2026.02.13"]
[EventType "swiss"]
[EventRounds "6"]
[EventCountry "DEN"]
[SourceTitle "Live v. Fredericia Chess Club"]

1. e4 c5 2. Nf3 e6 3. d4 cxd4 4. Nxd4 Nc6 5. Nc3 Qc7 6. Be3 a6 7. a3 b5 8. Nxc6 Qxc6 9. Be2 Bb7 10. Bf3 Qc7 11. Qd2 Nf6 12. O-O Bd6 13. h3 Be5 14. Rad1 Rc8 15. Bd4 d6 16. Bxe5 dxe5 17. Qd6 Qxd6 18. Rxd6 Ke7 19. Rfd1 Rc7 20. g4 g5 21. R1d2 Rhc8 22. Bg2 h5 23. f3 hxg4 24. fxg4 Nd7 25. R6d3 Nb6 26. Rf3 Nc4 27. Rdf2 Kf8 28. Nd1 Bxe4 29. Rf6 Bxg2 30. Kxg2 Kg7 31. R6f3 e4 32. Rg3 Rd8 33. Ne3 Nxb2 34. c3 Nd3 35. Rc2 Ne1+ 0-1

[Event "Nordisk Mesterskab Ungdom U11 2026"]
[Site "Fredericia"]
[Date "2026.02.13"]
[Round "2.2"]
[White "Elnegaard , Tristan Lund"]
[Black "Xin, Andrew M"]
[Result "1-0"]
[WhiteElo "1964"]
[BlackElo "1680"]
[WhiteFideId "1480707"]
[BlackFideId "7205309"]
[EventDate "2026.02.13"]
[EventType "swiss"]
[EventRounds "6"]
[EventCountry "DEN"]
[SourceTitle "Live v. Fredericia Chess Club"]

1. e4 e6 2. d4 d5 3. Nc3 Nf6 4. Bg5 h6 5. Bxf6 gxf6 6. exd5 exd5 7. Qd2 Bf5 8. Bd3 Bxd3 9. Qxd3 Nc6 10. O-O-O Qd7 11. Qf3 O-O-O 12. Qxf6 Bb4 13. Qf3 Bxc3 14. Qxc3 Qg4 15. Qf3 Rhg8 16. g3 Qg6 17. Ne2 Rge8 18. c3 Qe4 19. Qxe4 dxe4 20. Nf4 f5 21. Rhe1 b5 22. Re3 Ne7 23. Rde1 Rg8 24. f3 Nd5 25. Nxd5 Rxd5 26. fxe4 fxe4 27. Rxe4 Rh5 28. Re8+ Rxe8 29. Rxe8+ Kb7 30. h4 Rf5 31. Re5 Rf1+ 32. Kc2 a6 33. Rh5 Rf6 34. g4 Kc6 35. g5 hxg5 36. hxg5 Rf5 37. Rh6+ Kb7 38. Rg6 c5 39. dxc5 Rxc5 40. Kd3 Kc7 41. b4 Rf5 42. Ke4 Rf2 43. Rxa6 Rg2 44. g6 Kb7 45. Rf6 Rxa2 46. Kf5 Rf2+ 47. Ke6 Re2+ 48. Kf7 Rg2 49. g7 Rxg7+ 50. Kxg7 Kc7 51. Rf5 Kc6 52. Rc5+ Kb6 53. Kf6 Ka6 54. Ke6 Kb6 55. Kd7 Ka6 56. Kc7 Ka7 57. Rc6 Ka8 58. Ra6# 1-0

[Event "Nordisk Mesterskab Ungdom U11 2026"]
[Site "Fredericia"]
[Date "2026.02.13"]
[Round "2.3"]
[White "Nguyen, Theo Duc Huu"]
[Black "Bae, Anton"]
[Result "1/2-1/2"]
[WhiteElo "1641"]
[BlackElo "1736"]
[WhiteFideId "1487477"]
[BlackFideId "1580230"]
[EventDate "2026.02.13"]
[EventType "swiss"]
[EventRounds "6"]
[EventCountry "DEN"]
[SourceTitle "Live v. Fredericia Chess Club"]

1. e4 c5 2. Nf3 e6 3. d4 cxd4 4. Nxd4 Nc6 5. Nc3 Bc5 6. Be3 Qb6 7. Na4 Qa5+ 8. c3 Bxd4 9. Bxd4 Nxd4 10. Qxd4 e5 11. Qb4 Qxb4 12. cxb4 d6 13. Bc4 Nf6 14. f3 Ke7 15. Nc3 Be6 16. Bxe6 fxe6 17. Rd1 Rhd8 18. Kf2 Rac8 19. Rd2 d5 20. Rhd1 dxe4 21. Rxd8 Rxd8 22. Rxd8 Kxd8 23. Nxe4 Nxe4+ 24. fxe4 b5 25. b3 Ke7 26. a4 a6 27. Kf3 Kf6 28. Kg4 Kg6 29. h4 h5+ 30. Kf3 Kf6 31. g3 g5 32. g4 gxh4 33. gxh5 Kg5 34. h6 Kxh6 35. Kg4 h3 36. Kxh3 Kh5 37. a5 Kg5 38. Kg3 Kh5 39. Kh3 Kg6 40. Kg4 Kh6 41. Kh4 Kg6 42. Kg4 1/2-1/2

[Event "Nordisk Mesterskab Ungdom U11 2026"]
[Site "Fredericia"]
[Date "2026.02.13"]
[Round "2.4"]
[White "Sverrisson, Dagur"]
[Black "Olivemark, Georg"]
[Result "1-0"]
[WhiteElo "1576"]
[BlackElo "1599"]
[WhiteFideId "2326175"]
[BlackFideId "1795058"]
[EventDate "2026.02.13"]
[EventType "swiss"]
[EventRounds "6"]
[EventCountry "DEN"]
[SourceTitle "Live v. Fredericia Chess Club"]

1. d4 d5 2. Nc3 Nf6 3. Bf4 Bf5 4. e3 c6 5. Nf3 e6 6. Bd3 Bxd3 7. cxd3 Bd6 8. Ne5 Bxe5 9. Bxe5 Nbd7 10. O-O Nxe5 11. dxe5 Nd7 12. Qg4 Nxe5 13. Qxg7 Ng6 14. Ne2 Ke7 15. f4 Qg8 16. Qd4 Kd7 17. f5 exf5 18. Rxf5 Qe8 19. Raf1 Rf8 20. e4 Kc8 21. Ng3 Ne7 22. Re5 Qd8 23. exd5 Nxd5 24. Qg4+ Qd7 25. Qg7 Kc7 26. Nh5 f6 27. Rfe1 Qxg7 28. Nxg7 Kd7 29. Rh5 Rf7 30. Nf5 Nb4 31. a3 Nd5 32. Re4 a6 33. Reh4 Rh8 34. Kf2 Ne7 35. Nxe7 Kxe7 36. Rb4 Kf8 37. Re4 Re7 38. Rf4 Rf7 39. Rhf5 Ke7 40. Rb4 Ke6 41. Rbf4 Rg8 42. g4 Rg5 43. Rxg5 fxg5 44. Rxf7 Kxf7 45. Kf3 Kf6 46. Ke4 Ke6 47. d4 b6 48. b3 a5 49. Ke3 Kd5 50. Kd3 b5 51. Ke3 h6 52. h3 a4 53. bxa4 bxa4 54. Kd3 c5 55. dxc5 Kxc5 56. Kc3 Kb5 57. Kd4 Kc6 58. Kc4 Kb6 1-0

[Event "Nordisk Mesterskab Ungdom U11 2026"]
[Site "Fredericia"]
[Date "2026.02.13"]
[Round "2.5"]
[White "Danielsen, John Berg"]
[Black "Lark, David"]
[Result "0-1"]
[WhiteElo "1400"]
[BlackElo "1563"]
[WhiteFideId "7206712"]
[BlackFideId "1790013"]
[EventDate "2026.02.13"]
[EventType "swiss"]
[EventRounds "6"]
[EventCountry "DEN"]
[SourceTitle "Live v. Fredericia Chess Club"]

1. d4 Nf6 2. Nc3 e6 3. a3 b6 4. e4 Bb7 5. e5 Nd5 6. Qf3 Be7 7. Bc4 c6 8. g3 Qc7 9. Nh3 Nxc3 10. bxc3 c5 11. Qh5 Bxh1 12. Ng5 Rf8 13. Nxh7 Bb7 14. Nxf8 Bxf8 15. Bg5 cxd4 16. cxd4 Qxc4 17. Qh8 Qc3+ 18. Ke2 Ba6+ 19. Kd1 Qxa1+ 20. Kd2 Qxd4+ 21. Ke1 Qxe5+ 22. Be3 Qa1+ 23. Kd2 Qxa3 24. Bg5 Nc6 25. h4 Qb4+ 26. c3 Qb2+ 27. Ke3 Qxc3+ 28. Kf4 Qd4+ 29. Kf3 Ne5+ 30. Kg2 Qe4+ 31. Kh3 Bf1+ 32. Kh2 Qg2# 0-1

[Event "Nordisk Mesterskab Ungdom U11 2026"]
[Site "Fredericia"]
[Date "2026.02.13"]
[Round "2.6"]
[White "Zaretckii, Roman"]
[Black "Fleischer, Sofie Emilie Jilso"]
[Result "1-0"]
[WhiteElo "1562"]
[BlackElo "1400"]
[WhiteFideId "519359"]
[BlackFideId "1487655"]
[EventDate "2026.02.13"]
[EventType "swiss"]
[EventRounds "6"]
[EventCountry "DEN"]
[SourceTitle "Live v. Fredericia Chess Club"]

1. e4 e5 2. Nc3 Nc6 3. g3 Nf6 4. Bg2 d6 5. Nge2 Be6 6. O-O Qd7 7. d4 O-O-O 8. d5 Bxd5 9. exd5 Ne7 10. f4 b6 11. Qd3 Kb8 12. a4 a5 13. Qa6 g6 14. fxe5 dxe5 15. d6 cxd6 16. Qa8+ Kc7 17. Qb7# 1-0

[Event "Nordisk Mesterskab Ungdom U11 2026"]
[Site "Fredericia"]
[Date "2026.02.13"]
[Round "2.7"]
[White "Le, Alvin Ankaer"]
[Black "Zuikov, Andrei"]
[Result "0-1"]
[WhiteElo "1527"]
[BlackElo "1465"]
[WhiteFideId "1488732"]
[BlackFideId "525286"]
[EventDate "2026.02.13"]
[EventType "swiss"]
[EventRounds "6"]
[EventCountry "DEN"]
[SourceTitle "Live v. Fredericia Chess Club"]

1. d4 f5 2. c4 Nf6 3. Bg5 d6 4. Bxf6 gxf6 5. e3 Bg7 6. Qh5+ Kf8 7. Bd3 e6 8. d5 Qe8 9. Qxe8+ Kxe8 10. Ne2 e5 11. O-O Na6 12. Ng3 f4 13. exf4 exf4 14. Nh5 Rg8 15. Nxf4 Bh6 16. Ne6 Kf7 17. Bxh7 Rh8 18. Bf5 Nc5 19. Nxc5 Bxf5 20. Nxb7 Rab8 21. Na5 Rhg8 22. g3 Rxb2 23. Nc3 Bd2 24. Nb5 Bxa5 25. Nxa7 Bb6 26. Nc6 Bh3 27. Rfb1 Rxf2 28. Rxb6 Rg2+ 29. Kh1 cxb6 30. a4 Re8 31. Rg1 Rxg1+ 32. Kxg1 Ra8 33. Kf2 Rxa4 34. Nd8+ Ke8 35. Nb7 Kd7 36. Kf3 Kc7 37. g4 Rxc4 38. Kg3 Bxg4 39. h3 Bf5 40. Nxd6 Kxd6 41. h4 b5 42. h5 b4 43. h6 b3 44. h7 Bxh7 45. Kf3 b2 46. Ke3 b1=Q 47. Kf3 Qb3+ 48. Ke2 Rc2+ 49. Kd1 Qb1# 0-1

[Event "Nordisk Mesterskab Ungdom U11 2026"]
[Site "Fredericia"]
[Date "2026.02.14"]
[Round "3.1"]
[White "Mortensen, Michael"]
[Black "Elnegaard , Tristan Lund"]
[Result "1/2-1/2"]
[WhiteElo "2158"]
[BlackElo "1964"]
[WhiteFideId "1580515"]
[BlackFideId "1480707"]
[EventDate "2026.02.13"]
[EventType "swiss"]
[EventRounds "6"]
[EventCountry "DEN"]
[SourceTitle "Live v. Fredericia Chess Club"]

1. d4 Nf6 2. c4 e6 3. Nf3 d5 4. Nc3 Bb4 5. cxd5 exd5 6. Bg5 O-O 7. e3 Bf5 8. Qb3 Bxc3+ 9. bxc3 Nbd7 10. Be2 b6 11. O-O h6 12. Bh4 Re8 13. c4 Be6 14. cxd5 Bxd5 15. Qxd5 Nxd5 16. Bxd8 Raxd8 17. Rac1 N7f6 18. Bb5 Re6 19. Nd2 Kf8 20. a3 g5 21. Rc2 Re7 22. Nc4 Ne4 23. Ne5 Re6 24. Nc6 Ra8 25. Nb4 Nxb4 26. axb4 a5 27. Ra1 Nf6 28. Rxc7 Rb8 29. Bc4 Re7 30. Rxe7 Kxe7 31. bxa5 bxa5 32. Rxa5 Rb1+ 33. Bf1 Kd6 34. f3 Nd5 35. Ra3 f5 36. Kf2 f4 37. exf4 gxf4 38. g3 Rb2+ 39. Be2 Rd2 40. Rd3 Rb2 41. gxf4 Nxf4 42. Re3 Ne6 43. Re4 Kd5 44. Ke3 Rb3+ 45. Bd3 Ng5 46. Re5+ Kd6 47. f4 Nh3 48. Rh5 Nxf4 49. Kxf4 Rxd3 50. Ke4 Rd1 51. Rxh6+ Ke7 52. h4 Re1+ 53. Kd5 Rc1 54. Rh7+ Kf6 55. Rh6+ Ke7 56. h5 Ra1 57. Rb6 Ra5+ 58. Kc6 Rxh5 59. Rb7+ Kd8 60. Rb8+ Ke7 61. d5 Rh6+ 62. Kc7 Ra6 63. Rb7 Rd6 64. Rb5 Rd7+ 65. Kc6 Rd6+ 66. Kc5 Rh6 67. Rb7+ Kd8 68. Ra7 Rg6 69. Ra8+ Kd7 70. Ra7+ Kd8 71. Rh7 Rf6 72. Kd4 Rg6 73. Ke5 Ra6 74. d6 Ra1 75. Rh4 Re1+ 76. Re4 Rxe4+ 77. Kxe4 Kd7 1/2-1/2

[Event "Nordisk Mesterskab Ungdom U11 2026"]
[Site "Fredericia"]
[Date "2026.02.14"]
[Round "3.2"]
[White "Bae, Anton"]
[Black "Ernisson, Petur Ulfar"]
[Result "1/2-1/2"]
[WhiteElo "1736"]
[BlackElo "1682"]
[WhiteFideId "1580230"]
[BlackFideId "2326116"]
[EventDate "2026.02.13"]
[EventType "swiss"]
[EventRounds "6"]
[EventCountry "DEN"]
[SourceTitle "Live v. Fredericia Chess Club"]

1. e4 c5 2. Nf3 d6 3. Bb5+ Bd7 4. Bxd7+ Qxd7 5. O-O Nc6 6. Re1 g6 7. c3 Bg7 8. d4 cxd4 9. cxd4 e6 10. Nc3 Nge7 11. Bg5 O-O 12. d5 Ne5 13. Nxe5 Bxe5 14. f4 Bxc3 15. bxc3 exd5 16. exd5 f6 17. Bh4 Nf5 18. Bf2 Rfe8 19. Rxe8+ Rxe8 20. Bxa7 Qc7 21. Bd4 Qc4 22. Bxf6 Ne3 23. Qf3 Qxd5 24. Re1 Qxf3 25. gxf3 Kf7 26. Bd4 Nd5 27. Rxe8 Kxe8 28. Kf2 Nxf4 29. Ke3 Ne6 30. Bb6 Kd7 31. Ke4 Kc6 32. Be3 1/2-1/2

[Event "Nordisk Mesterskab Ungdom U11 2026"]
[Site "Fredericia"]
[Date "2026.02.14"]
[Round "3.3"]
[White "Xin, Andrew M"]
[Black "Nguyen, Theo Duc Huu"]
[Result "1-0"]
[WhiteElo "1680"]
[BlackElo "1641"]
[WhiteFideId "7205309"]
[BlackFideId "1487477"]
[EventDate "2026.02.13"]
[EventType "swiss"]
[EventRounds "6"]
[EventCountry "DEN"]
[SourceTitle "Live v. Fredericia Chess Club"]

1. d4 Nf6 2. Nf3 e6 3. e3 c5 4. Bd3 d5 5. b3 Nc6 6. Bb2 cxd4 7. exd4 Bd6 8. O-O O-O 9. Nbd2 Re8 10. Re1 Qc7 11. Ne5 a6 12. a3 h6 13. Qf3 Bxe5 14. dxe5 Nd7 15. Qg3 Qb6 16. c4 Nc5 17. b4 Nxd3 18. Qxd3 Rd8 19. Qc2 Qc7 20. Nf3 Ne7 21. Rac1 Qxc4 22. Qxc4 dxc4 23. Rxc4 b5 24. Rc5 Rd5 25. Rc7 Rd7 26. Rec1 Rxc7 27. Rxc7 Nd5 28. Rc1 Bb7 29. Nd4 Rd8 30. h3 Nf4 31. Nc6 Ne2+ 32. Kf1 Nxc1 33. Nxd8 Nd3 34. Nxb7 Nxb2 35. Nc5 Nc4 36. Nxa6 Nxa3 37. Ke2 Nc2 38. Kd2 Nd4 39. Kd3 Nc6 40. f4 Kf8 41. Kc3 Ke7 42. Nc7 Na7 43. Kd4 Kd7 44. Na6 Kc6 45. g4 g6 46. Nc5 Nc8 47. Ne4 Nb6 48. Nf6 Nd5 49. Nxd5 exd5 50. f5 gxf5 51. gxf5 Kd7 52. Kxd5 Ke7 53. Kc5 f6 54. e6 h5 55. Kxb5 h4 56. Kc6 Kd8 57. b5 Ke8 58. b6 Kf8 59. b7 Kg7 60. b8=Q Kh6 61. e7 Kg5 62. e8=Q Kxf5 63. Kd5 Kg5 64. Qg8+ Kf5 65. Qg4# 1-0

[Event "Nordisk Mesterskab Ungdom U11 2026"]
[Site "Fredericia"]
[Date "2026.02.14"]
[Round "3.4"]
[White "Olivemark, Georg"]
[Black "Zaretckii, Roman"]
[Result "1-0"]
[WhiteElo "1599"]
[BlackElo "1562"]
[WhiteFideId "1795058"]
[BlackFideId "519359"]
[EventDate "2026.02.13"]
[EventType "swiss"]
[EventRounds "6"]
[EventCountry "DEN"]
[SourceTitle "Live v. Fredericia Chess Club"]

1. e4 c5 2. Nc3 Nc6 3. Nf3 Nf6 4. Bb5 d6 5. O-O e5 6. h3 Be7 7. d3 O-O 8. Bg5 Nd4 9. Bc4 a6 10. a4 Be6 11. Bxf6 Bxf6 12. Nd5 Be7 13. c3 Nc6 14. d4 cxd4 15. cxd4 exd4 16. Nxd4 Ne5 17. Nxe7+ Qxe7 18. Bxe6 fxe6 19. f4 Ng6 20. g3 Qf6 21. Qd3 e5 22. Qb3+ Kh8 23. Ne6 Rf7 24. f5 Nf8 25. Nxf8 Raxf8 26. h4 Rc7 27. Kg2 Rfc8 28. Kh3 h5 29. Qf3 Qh6 30. Rf2 Rf8 31. Rd1 Rcf7 32. Qa3 Rd8 33. Rfd2 Rfd7 34. Rd5 Kh7 35. Qc3 Kg8 36. Qb3 Kh7 37. Qd3 Kg8 38. Qd2 Qxd2 39. R1xd2 Kf7 40. b4 b6 41. b5 axb5 42. Rxb5 Ra8 43. Rb4 Ke7 44. Kg2 Kf6 45. Kf3 Ra6 46. Rc2 g5 47. hxg5+ Kxg5 48. Rc6 d5 49. Rg6# 1-0

[Event "Nordisk Mesterskab Ungdom U11 2026"]
[Site "Fredericia"]
[Date "2026.02.14"]
[Round "3.5"]
[White "Lark, David"]
[Black "Sverrisson, Dagur"]
[Result "0-1"]
[WhiteElo "1563"]
[BlackElo "1576"]
[WhiteFideId "1790013"]
[BlackFideId "2326175"]
[EventDate "2026.02.13"]
[EventType "swiss"]
[EventRounds "6"]
[EventCountry "DEN"]
[SourceTitle "Live v. Fredericia Chess Club"]

1. e4 e5 2. Nf3 Nc6 3. d4 exd4 4. Bc4 Nf6 5. e5 d5 6. Bb5 Ne4 7. Nxd4 Bc5 8. Be3 O-O 9. Nxc6 bxc6 10. Bxc6 Bxe3 11. fxe3 Qh4+ 12. g3 Nxg3 13. Bxa8 Ne4+ 14. Ke2 Ba6+ 15. Kf3 Qf2+ 16. Kg4 Be2+ 17. Qxe2 Qxe2+ 18. Kf4 g5+ 19. Kf5 Qf3# 0-1

[Event "Nordisk Mesterskab Ungdom U11 2026"]
[Site "Fredericia"]
[Date "2026.02.14"]
[Round "3.6"]
[White "Zuikov, Andrei"]
[Black "Danielsen, John Berg"]
[Result "1-0"]
[WhiteElo "1465"]
[BlackElo "1400"]
[WhiteFideId "525286"]
[BlackFideId "7206712"]
[EventDate "2026.02.13"]
[EventType "swiss"]
[EventRounds "6"]
[EventCountry "DEN"]
[SourceTitle "Live v. Fredericia Chess Club"]

1. e4 d5 2. exd5 Qxd5 3. Nc3 Qd8 4. d4 a6 5. Bd3 Nc6 6. Nf3 h6 7. h3 e6 8. a3 Bd6 9. Be3 Nf6 10. Qd2 O-O 11. g4 Re8 12. g5 e5 13. dxe5 Nxe5 14. Nxe5 Bxe5 15. gxf6 Qxf6 16. O-O-O g5 17. f4 Bxf4 18. Bxf4 gxf4 19. Nd5 Qd6 20. Rdg1+ Kf8 21. Bh7 Rd8 22. Rg8# 1-0

[Event "Nordisk Mesterskab Ungdom U11 2026"]
[Site "Fredericia"]
[Date "2026.02.14"]
[Round "3.7"]
[White "Fleischer, Sofie Emilie Jilso"]
[Black "Le, Alvin Ankaer"]
[Result "0-1"]
[WhiteElo "1400"]
[BlackElo "1527"]
[WhiteFideId "1487655"]
[BlackFideId "1488732"]
[EventDate "2026.02.13"]
[EventType "swiss"]
[EventRounds "6"]
[EventCountry "DEN"]
[SourceTitle "Live v. Fredericia Chess Club"]

1. e4 c6 2. Nc3 d5 3. d3 dxe4 4. dxe4 Qxd1+ 5. Nxd1 Nf6 6. Nc3 Nbd7 7. Nge2 Nc5 8. Ng3 e5 9. Bd3 Be6 10. O-O Bd6 11. Be3 O-O 12. f3 Nxd3 13. cxd3 Rfd8 14. Rad1 Bb4 15. a3 Bxc3 16. bxc3 b6 17. Rf2 c5 18. a4 Bb3 19. Ra1 Rxd3 20. Rff1 Rxe3 21. h3 g6 22. Ra3 Rxc3 23. Ne2 Re3 24. Ng3 Rd8 25. Nh1 Rd2 26. Raa1 Ree2 27. Rab1 Rxg2# 0-1